Sustainability (Record no. 77341)
[ view plain ]
| 000 -LEADER | |
|---|---|
| fixed length control field | 00953cab a2200181 4500 |
| 001 - CONTROL NUMBER | |
| control field | ##L134042 |
| 008 - FIXED-LENGTH DATA ELEMENTS--GENERAL INFORMATION | |
| fixed length control field | 060704n2006 000 0 eng u |
| 035 ## - SYSTEM CONTROL NUMBER | |
| System control number | (Sirsi) u134042 |
| 041 0# - LANGUAGE CODE | |
| Language code of text/sound track or separate title | eng |
| 100 1# - MAIN ENTRY--PERSONAL NAME | |
| Personal name | Rawlinson, Simon |
| 245 00 - TITLE STATEMENT | |
| Title | Sustainability |
| Remainder of title | green roofs |
| 260 ## - PUBLICATION, DISTRIBUTION, ETC. | |
| Date of publication, distribution, etc. | 2006 |
| 490 #0 - SERIES STATEMENT | |
| Series statement | Building |
| Volume/sequential designation | 271(8437) 30 June 2006, 70-73(4) |
| 520 ## - SUMMARY, ETC. | |
| Summary, etc. | Feature on green roofs. Introduces the planning context for green roofs (often the redevelopment of urban brownfield sites) and outlines green roof components and technologies, including the indicative thickness for roof layers. Suggests that key benefits of green roofs cover sustainable drainage, microclimate, biodiversity, building performance and aesthetics. Lists cost drivers and provides indicative costs of a green roof with areas ranging from 100 to 1000 m2. |
| 590 ## - LOCAL NOTE (RLIN) | |
| Local note | IKA040706 |
| 690 ## - LOCAL SUBJECT ADDED ENTRY--TOPICAL TERM (OCLC, RLIN) | |
| Topical term or geographic name as entry element | BUILT ENVIRONMENT-BUILDING ELEMENTS-COMPLETE BUILDING ELEMENTS-ROOFS |
| 942 ## - ADDED ENTRY ELEMENTS (KOHA) | |
| Suppress in OPAC | 0 |
| Withdrawn status | Lost status | Source of classification or shelving scheme | Damaged status | Not for loan | Home library | Current library | Shelving location | Date acquired | Total Checkouts | Full call number | Barcode | Date last seen | Copy number | Price effective from | Koha item type |
|---|---|---|---|---|---|---|---|---|---|---|---|---|---|---|---|
| Dewey Decimal Classification | London | London | Journal article | 04/07/2006 | L134042 | 134042-1001 | 06/08/2019 | 1 | 06/08/2019 | Journal article |